[Event "Balaton op 36th"]
[Site "Balatonlelle"]
[Date "2018.06.19"]
[Round "8"]
[White "Metaxasz, Vaszilisz"]
[Black "Bellan, Istvan"]
[Result "0-1"]
[WhiteElo "2047"]
[BlackElo "1875"]
[PlyCount "130"]
[EventDate "2018.06.12"]
[EventType "swiss"]
[EventRounds "9"]
[EventCountry "HUN"]
[SourceTitle "CBM 185 Extra"]
[Source "ChessBase"]
[SourceDate "2018.07.29"]
[SourceVersion "1"]
[SourceVersionDate "2018.07.29"]
[SourceQuality "1"]

1. d4 Nf6 2. c4 g6 3. Nc3 d5 4. Nf3 Bg7 5. Bf4 dxc4 6. e3 0-0 7. Bxc4 a6 8. a4 c5 9. d5 Qa5 10. 0-0 Bf5 11. Nd2 Qb4 12. Ra2 e5 13. Bxe5 Nbd7 14. Bd6 Rfe8 15. Qb3 Nb6 16. Rc1 Nxc4 17. Qxc4 Rac8 18. Bg3 Nd7 19. a5 Ne5 20. Bxe5 Bxe5 21. Qe2 Bd7 22. Nf3 Bc7 23. Rca1 f5 24. h3 c4 25. Nd4 Be5 26. Qd2 Qd6 27. Rd1 Rc5 28. f3 Qc7 29. Rda1 Qd8 30. e4 Qh4 31. Nde2 g5 32. Qe3 Rc7 33. Qf2 Qh6 34. exf5 Bxf5 35. Ng3 Bd3 36. Re1 Rce7 37. Nge4 Qg7 38. Kh1 g4 39. Raa1 gxh3 40. d6 hxg2+ 41. Qxg2 Qxg2+ 42. Kxg2 Rg7+ 43. Kh3 Rf8 44. Rf1 Bxf1+ 45. Rxf1 Bxd6 46. Nd5 Be5 47. Rf2 Rf5 48. Kh4 Bxb2 49. Rxb2 Rxf3 50. Nef6+ Kf8 51. Nh5 Rd7 52. Nhf6 Rf7 53. Kg5 Rg7+ 54. Kh4 Rf1 55. Rh2 c3 56. Ng4 Ra1 57. Nxc3 Rxa5 58. Ne4 Ra4 59. Re2 Rf7 60. Kg5 Ra5+ 61. Kh6 Ra1 62. Nef6 Rh1+ 63. Kg5 h6+ 64. Kf5 Kg7 65. Ke5 Re7+ 0-1

[Event "Budapest Art Pub Cup 8th"]
[Site "Budapest"]
[Date "2015.07.11"]
[Round "4"]
[White "Torok, Tamas Titusz"]
[Black "Bellan, Istvan"]
[Result "1-0"]
[WhiteElo "2128"]
[BlackElo "1822"]
[PlyCount "59"]
[EventDate "2015.07.09"]
[EventType "swiss"]
[EventRounds "7"]
[EventCountry "HUN"]
[SourceTitle "CBM 167 Extra"]
[Source "ChessBase"]
[SourceDate "2015.09.14"]
[SourceVersion "1"]
[SourceVersionDate "2015.09.14"]
[SourceQuality "1"]

1. b3 Nf6 2. Bb2 d5 3. e3 Bf5 4. Nf3 Nbd7 5. c4 e6 6. Nc3 c6 7. d3 Be7 8. Be2 0-0 9. Nh4 Bg6 10. Nxg6 hxg6 11. 0-0 Re8 12. d4 Rc8 13. Bf3 dxc4 14. bxc4 Nb6 15. Qb3 Rc7 16. Rfd1 Rd7 17. a4 a5 18. Ne2 Bb4 19. Bc3 c5 20. dxc5 Bxc5 21. Bxa5 e5 22. Rxd7 Nfxd7 23. Bxb7 Qh4 24. Bxb6 Bxb6 25. Bc6 Re6 26. Bxd7 Rd6 27. a5 Bc7 28. Bb5 Rd2 29. Ng3 e4 30. Qc3 1-0

[Event "Budapest Art Pub Cup 8th"]
[Site "Budapest"]
[Date "2015.07.09"]
[Round "1"]
[White "Bellan, Istvan"]
[Black "Szollosi, Laszlo Jr"]
[Result "1-0"]
[WhiteElo "1822"]
[BlackElo "2158"]
[PlyCount "47"]
[EventDate "2015.07.09"]
[EventType "swiss"]
[EventRounds "7"]
[EventCountry "HUN"]
[SourceTitle "CBM 167 Extra"]
[Source "ChessBase"]
[SourceDate "2015.09.14"]
[SourceVersion "1"]
[SourceVersionDate "2015.09.14"]
[SourceQuality "1"]

1. Nf3 d5 2. c4 c6 3. cxd5 cxd5 4. g3 Nc6 5. Bg2 g6 6. d4 Bg7 7. 0-0 Nf6 8. Nc3 0-0 9. Bf4 Ne4 10. Ne5 Nxc3 11. bxc3 Na5 12. e4 Be6 13. Nd3 b6 14. Qe2 Rc8 15. Rac1 Qd7 16. exd5 Bg4 17. f3 Bf5 18. Nb4 Qa4 19. Rfe1 Rxc3 20. Qxe7 Rxc1 21. Bxc1 Bxd4+ 22. Kh1 Bc5 23. d6 Qxb4 24. Qxf8+ 1-0

[Event "Budapest Art Pub Cup 7th"]
[Site "Budapest"]
[Date "2015.03.15"]
[Round "5"]
[White "Csajbok, Levente Tamas"]
[Black "Bellan, Istvan"]
[Result "0-1"]
[WhiteElo "1538"]
[BlackElo "1832"]
[PlyCount "82"]
[EventDate "2015.03.13"]
[EventType "swiss"]
[EventRounds "6"]
[EventCountry "HUN"]
[SourceTitle "CBM 165 Extra"]
[Source "ChessBase"]
[SourceDate "2015.04.21"]
[SourceVersion "1"]
[SourceVersionDate "2015.04.21"]
[SourceQuality "1"]

1. e4 c5 2. Nf3 d6 3. d4 cxd4 4. Qxd4 a6 5. Bc4 e6 6. Nc3 Nc6 7. Qd1 b5 8. Bd3 Nf6 9. 0-0 Bb7 10. Ne2 Be7 11. Ng3 Qc7 12. c4 bxc4 13. Bxc4 0-0 14. Be3 Rfc8 15. Nd2 Ne5 16. Bb3 Nfg4 17. Bd4 Qa5 18. h3 Nf6 19. f4 Nc6 20. Be3 d5 21. e5 Bc5 22. Bxc5 Qxc5+ 23. Kh1 Nd7 24. Qg4 Nd4 25. Rae1 g6 26. f5 exf5 27. Nxf5 Nxf5 28. Rxf5 Nf8 29. Ne4 dxe4 30. Rxf7 Bd5 31. e6 Bxb3 32. axb3 Rc7 33. Qf4 Nxe6 34. Rxc7 Qxc7 35. Qxe4 Re8 36. Qc4 Qxc4 37. bxc4 Kf7 38. Ra1 Nc7 39. c5 Re4 40. Kg1 Ke6 41. Rb1 a5 0-1

[Event "Budapest Art Pub Cup 6th"]
[Site "Budapest"]
[Date "2015.01.02"]
[Round "1"]
[White "Lauber, Kolos"]
[Black "Bellan, Istvan"]
[Result "0-1"]
[WhiteElo "1412"]
[BlackElo "1849"]
[PlyCount "152"]
[EventDate "2015.01.02"]
[EventType "swiss"]
[EventRounds "6"]
[EventCountry "HUN"]
[SourceTitle "CBM 164 Extra"]
[Source "ChessBase"]
[SourceDate "2015.03.02"]
[SourceVersion "1"]
[SourceVersionDate "2015.03.02"]
[SourceQuality "1"]

1. e4 c6 2. d4 d5 3. Nc3 dxe4 4. Nxe4 Nf6 5. Nxf6+ gxf6 6. Nf3 Bg4 7. Be3 e6 8. Be2 Nd7 9. Qd2 Qc7 10. a3 h5 11. h3 Bxf3 12. Bxf3 0-0-0 13. 0-0-0 h4 14. Qc3 Bh6 15. Rhf1 Bg5 16. Bg4 Nb6 17. f4 Nd5 18. Qd2 Bh6 19. Kb1 f5 20. Be2 e5 21. Bd3 e4 22. Bc4 Nxe3 23. Qxe3 Rhg8 24. Qf2 Rg3 25. Rde1 Rdg8 26. a4 Qe7 27. Rg1 Kb8 28. Re3 Rxe3 29. Qxe3 Rg3 30. Qf2 f6 31. Rf1 e3 32. Qe2 Qe4 33. Bd3 Qxg2 34. Qh5 Rg6 35. Qxh4 Bg7 36. Qe1 Qxh3 37. Rh1 Qg3 38. Bxf5 Qxe1+ 39. Rxe1 Rg3 40. Bd3 Kc7 41. Re2 Bh6 42. f5 Rf3 43. c3 a5 44. Ka2 Kd6 45. c4 c5 46. dxc5+ Kxc5 47. Kb3 Kd4 48. Kc2 b6 49. b3 Bf4 50. Re1 Rg3 51. Bf1 Ke4 52. Bd3+ Kd4 53. Bf1 Bh6 54. Rd1+ Kc5 55. Rd5+ Kc6 56. Kd3 Rg1 57. Be2 Rg2 58. Rb5 Rf2 59. Rd5 Bg5 60. Rb5 Kc7 61. Rd5 Rg2 62. Rb5 Rg1 63. Rd5 Ra1 64. Kc2 Ra2+ 65. Kd1 Rb2 66. Rd3 Kc6 67. Bf3+ Kc5 68. Rd5+ Kb4 69. Rb5+ Kc3 70. Rxb6 Rd2+ 71. Ke1 Bh4+ 72. Kf1 Rf2+ 73. Ke1 Rxf3+ 74. Ke2 Rxf5 75. Kxe3 Bf2+ 76. Ke4 Re5+ 0-1

[Event "Budapest op 4th"]
[Site "Budapest"]
[Date "2014.08.21"]
[Round "6"]
[White "Bellan, Istvan"]
[Black "Kovacs, Judit"]
[Result "1/2-1/2"]
[WhiteElo "1884"]
[BlackElo "1729"]
[PlyCount "58"]
[EventDate "2014.08.16"]
[EventType "swiss"]
[EventRounds "9"]
[EventCountry "HUN"]
[SourceTitle "CBM 161 Extra"]
[Source "ChessBase"]
[SourceDate "2014.08.29"]
[SourceVersion "1"]
[SourceVersionDate "2014.08.29"]
[SourceQuality "1"]

1. e4 c5 2. Nf3 e6 3. d4 cxd4 4. Nxd4 a6 5. Bd3 b5 6. 0-0 Qc7 7. a4 b4 8. Qe2 d6 9. c4 Nc6 10. Nxc6 Qxc6 11. b3 Nf6 12. Bb2 Be7 13. Nd2 Bb7 14. f4 Nd7 15. Rae1 0-0-0 16. Nf3 Nc5 17. Nd4 Qb6 18. Kh1 Bf6 19. Bc2 Nxa4 20. bxa4 Bxd4 21. Bd3 Bc5 22. Bxg7 Rhg8 23. Bb2 Rg6 24. f5 exf5 25. Rxf5 Rdg8 26. Rxf7 Rxg2 27. Qxg2 Rxg2 28. Kxg2 Qc6 29. Rf8+ Kc7 1/2-1/2

[Event "Budapest op 4th"]
[Site "Budapest"]
[Date "2014.08.20"]
[Round "5"]
[White "Kovacsy, Barnabas"]
[Black "Bellan, Istvan"]
[Result "1/2-1/2"]
[WhiteElo "1622"]
[BlackElo "1884"]
[PlyCount "47"]
[EventDate "2014.08.16"]
[EventType "swiss"]
[EventRounds "9"]
[EventCountry "HUN"]
[SourceTitle "CBM 161 Extra"]
[Source "ChessBase"]
[SourceDate "2014.08.29"]
[SourceVersion "1"]
[SourceVersionDate "2014.08.29"]
[SourceQuality "1"]

1. e4 c5 2. Nf3 d6 3. d4 cxd4 4. Nxd4 Nf6 5. Nc3 a6 6. Bg5 Nbd7 7. Qe2 g6 8. 0-0-0 Bg7 9. f3 0-0 10. g4 Ne5 11. h3 Bd7 12. f4 Nc6 13. Nxc6 Bxc6 14. Bg2 Qa5 15. Kb1 Rfc8 16. Qd2 Rc7 17. Bxf6 Bxf6 18. Nd5 Qxd2 19. Nxf6+ exf6 20. Rxd2 f5 21. exf5 Bxg2 22. Rxg2 gxf5 23. gxf5+ Kh8 24. Rd2 1/2-1/2

[Event "Budapest op 4th"]
[Site "Budapest"]
[Date "2014.08.17"]
[Round "2"]
[White "Bellan, Istvan"]
[Black "Zoldy, Robert"]
[Result "0-1"]
[WhiteElo "1884"]
[BlackElo "2029"]
[PlyCount "58"]
[EventDate "2014.08.16"]
[EventType "swiss"]
[EventRounds "9"]
[EventCountry "HUN"]
[SourceTitle "CBM 161 Extra"]
[Source "ChessBase"]
[SourceDate "2014.08.29"]
[SourceVersion "1"]
[SourceVersionDate "2014.08.29"]
[SourceQuality "1"]

1. e4 e5 2. Bb5 a6 3. Ba4 Nf6 4. Qe2 Bc5 5. c3 0-0 6. Nf3 Re8 7. 0-0 Ba7 8. d3 h6 9. Be3 b5 10. Bb3 c5 11. Nbd2 Bb7 12. a4 Nc6 13. axb5 axb5 14. h3 d5 15. exd5 Nxd5 16. Nh2 Nf4 17. Bxf4 exf4 18. Qh5 Ne5 19. Ng4 Qc7 20. Bc2 Nxg4 21. Qxg4 Qe5 22. Nf3 Qe2 23. Rfe1 Qxc2 24. Rxe8+ Rxe8 25. Rxa7 Bxf3 26. Qxf3 Qc1+ 27. Kh2 Re1 28. g3 fxg3+ 29. Kxg3 Qg5+ 0-1

[Event "Budapest op 08"]
[Site "Budapest"]
[Date "2012.08.22"]
[Round "5"]
[White "Bellan, Istvan"]
[Black "Farkas, Richard"]
[Result "0-1"]
[WhiteElo "1938"]
[BlackElo "2116"]
[PlyCount "96"]
[EventDate "2012.08.18"]
[EventType "swiss"]
[EventRounds "9"]
[EventCountry "HUN"]
[SourceTitle "EXT 2014"]
[Source "ChessBase"]
[SourceDate "2013.11.20"]
[SourceVersion "1"]
[SourceVersionDate "2013.11.20"]
[SourceQuality "1"]

1. e4 e6 2. d4 d5 3. Nc3 Nf6 4. Bg5 Be7 5. e5 Nfd7 6. h4 Bxg5 7. hxg5 Qxg5 8. Nb5 Qd8 9. Qg4 g6 10. Rh3 a6 11. Ra3 Nc6 12. Qf4 Rb8 13. Rf3 0-0 14. Qh6 f6 15. Rh3 Rf7 16. Bd3 Nf8 17. Nc3 Nxd4 18. f4 fxe5 19. fxe5 c5 20. 0-0-0 Qc7 21. Qg5 Qe7 22. Qg4 b5 23. Nf3 Nxf3 24. gxf3 b4 25. Rdh1 Rg7 26. Nd1 c4 27. Be2 Qc5 28. Qg5 Qe7 29. Qe3 b3 30. axb3 cxb3 31. c3 a5 32. Nf2 a4 33. Ng4 a3 34. Nf6+ Kh8 35. Qh6 axb2+ 36. Kxb2 Ra8 37. Kc1 Ba6 38. Bxa6 Rxa6 39. Kd2 Ra2+ 40. Kd3 Qc7 41. Qf4 Qc5 42. Qb4 Qxb4 43. cxb4 Rc7 44. b5 h5 45. Ne8 Rc5 46. Nd6 Nd7 47. f4 b2 48. Rb1 Ra3+ 0-1

[Event "Budapest FS11 FM-A"]
[Site "Budapest"]
[Date "2011.11.09"]
[Round "5"]
[White "Juracsik, Jozsef"]
[Black "Bellan, Istvan"]
[Result "1-0"]
[WhiteElo "2172"]
[BlackElo "1973"]
[PlyCount "57"]
[EventDate "2011.11.05"]
[EventType "tourn"]
[EventRounds "11"]
[EventCountry "HUN"]
[SourceTitle "EXT 2012"]
[Source "ChessBase"]
[SourceDate "2011.11.24"]
[SourceVersion "1"]
[SourceVersionDate "2011.11.24"]
[SourceQuality "1"]

1. e4 c5 2. Nf3 d6 3. d4 cxd4 4. Nxd4 Nf6 5. Nc3 e6 6. Be2 Be7 7. 0-0 0-0 8. Be3 Nc6 9. f4 Bd7 10. Ndb5 Qb8 11. a4 a6 12. Na3 Qc7 13. Nc4 Rac8 14. Bb6 Qb8 15. Qd2 Nb4 16. Ne3 Rc6 17. a5 Rfc8 18. Bf3 e5 19. f5 Bd8 20. Bxd8 Rxd8 21. Ncd1 Nxc2 22. Nxc2 Rdc8 23. Nce3 b6 24. Nc3 bxa5 25. Ned5 Nxd5 26. Nxd5 Rc2 27. Qg5 R8c5 28. Nf6+ Kh8 29. Nxd7 1-0

[Event "HUN-chT2 Asztalos 0607"]
[Site "Hungary"]
[Date "2007.04.15"]
[Round "8"]
[White "Bellan, Istvan"]
[Black "Kadar, Gabor"]
[Result "0-1"]
[WhiteElo "2052"]
[BlackElo "2244"]
[PlyCount "72"]
[EventDate "2006.11.12"]
[EventType "team"]
[EventRounds "11"]
[EventCountry "HUN"]
[SourceTitle "EXT 2008"]
[Source "ChessBase"]
[SourceDate "2007.11.25"]
[SourceVersion "1"]
[SourceVersionDate "2007.11.25"]
[SourceQuality "1"]
[WhiteTeam "Balatonbereny"]
[BlackTeam "Pannonpower II"]
[WhiteTeamCountry "HUN"]
[BlackTeamCountry "HUN"]

1. e4 c5 2. g3 Nc6 3. Bg2 g6 4. Nh3 Bg7 5. 0-0 d6 6. Nc3 e6 7. Kh1 Nge7 8. f4 0-0 9. d3 f5 10. Be3 b6 11. Qd2 d5 12. exd5 exd5 13. Bf2 d4 14. Ne2 Be6 15. Ng5 Bd5 16. c4 dxc3 17. bxc3 Bxg2+ 18. Kxg2 Qd5+ 19. Nf3 Rad8 20. Rad1 h6 21. h4 Rfe8 22. Nc1 Nc8 23. Rfe1 Rxe1 24. Rxe1 c4 25. Re3 b5 26. dxc4 Qxc4 27. Qe2 Nd6 28. Qxc4+ bxc4 29. Nd2 Kf7 30. Ne2 Rb8 31. Nf3 Rb2 32. a3 Ne4 33. Be1 Bf8 34. Nfd4 Nxd4 35. cxd4 c3 36. Kf3 c2 0-1

[Event "HUN-chT2 Asztalos 0607"]
[Site "Hungary"]
[Date "2007.02.18"]
[Round "5"]
[White "Andi, Peter"]
[Black "Bellan, Istvan"]
[Result "1-0"]
[WhiteElo "2199"]
[BlackElo "2052"]
[PlyCount "83"]
[EventDate "2006.11.12"]
[EventType "team"]
[EventRounds "11"]
[EventCountry "HUN"]
[SourceTitle "EXT 2008"]
[Source "ChessBase"]
[SourceDate "2007.11.25"]
[SourceVersion "1"]
[SourceVersionDate "2007.11.25"]
[SourceQuality "1"]
[WhiteTeam "Szekszard"]
[BlackTeam "Balatonbereny"]
[WhiteTeamCountry "HUN"]
[BlackTeamCountry "HUN"]

1. e4 c5 2. Nc3 Nc6 3. Nf3 g6 4. d4 cxd4 5. Nxd4 Bg7 6. Be3 a6 7. Be2 d6 8. 0-0 Nf6 9. f4 Nd7 10. Kh1 0-0 11. Bf3 Nxd4 12. Bxd4 e5 13. Be3 Nc5 14. Qd2 exf4 15. Bxf4 Be5 16. Rad1 Be6 17. Qe3 Qe7 18. Nd5 Bxd5 19. Rxd5 Rac8 20. Rfd1 Rfd8 21. Bxe5 dxe5 22. Rxd8+ Rxd8 23. Rxd8+ Qxd8 24. Qxc5 Qd2 25. g3 Qc1+ 26. Kg2 Qxb2 27. Qc4 b5 28. Qb3 Qd4 29. Qd3 Qa4 30. a3 a5 31. Qb3 Qd4 32. Qxb5 Qd2+ 33. Qe2 Qc3 34. Qd3 Qc5 35. Bg4 Kg7 36. Bd7 h6 37. Bb5 g5 38. Bc4 Qc7 39. Qd5 Kg6 40. Bb3 Kg7 41. c4 g4 42. c5 1-0

[Event "HUN-chT2 Asztalos 0607"]
[Site "Hungary"]
[Date "2006.12.03"]
[Round "3"]
[White "Akots, Gabor"]
[Black "Bellan, Istvan"]
[Result "1-0"]
[WhiteElo "2129"]
[BlackElo "2052"]
[PlyCount "93"]
[EventDate "2006.11.12"]
[EventType "team"]
[EventRounds "11"]
[EventCountry "HUN"]
[SourceTitle "EXT 2008"]
[Source "ChessBase"]
[SourceDate "2007.11.25"]
[SourceVersion "1"]
[SourceVersionDate "2007.11.25"]
[SourceQuality "1"]
[WhiteTeam "MAV Elore"]
[BlackTeam "Balatonbereny"]
[WhiteTeamCountry "HUN"]
[BlackTeamCountry "HUN"]

1. e4 c5 2. c3 d5 3. exd5 Qxd5 4. d4 e6 5. Nf3 Nf6 6. a3 Be7 7. Be3 cxd4 8. cxd4 0-0 9. Nc3 Qd8 10. Bd3 b6 11. 0-0 Bb7 12. Qe2 Nbd7 13. Rfd1 Nd5 14. Ne4 N7f6 15. Bd2 h6 16. Rac1 Bd6 17. Ne5 Qe7 18. Bb1 Rfc8 19. Qd3 Nxe4 20. Qxe4 Nf6 21. Qh4 Rxc1 22. Rxc1 Rd8 23. Be3 Rc8 24. Rxc8+ Bxc8 25. h3 Bb7 26. Ng4 Nxg4 27. Qxg4 Qf6 28. Qe2 Qh4 29. Qb5 Qe7 30. Qd3 f5 31. Ba2 Be4 32. Qc3 f4 33. Bd2 Kh7 34. f3 Bb7 35. Qc4 Bd5 36. Qc2+ g6 37. Bxd5 exd5 38. Qc6 Qe6 39. Kf2 Qe7 40. Qxd5 Qh4+ 41. Kf1 Qe7 42. Qe4 Qf7 43. d5 Qc7 44. Bc3 h5 45. Qd4 Kh6 46. h4 b5 47. Qh8+ 1-0

[Event "Budapest FS05 FM"]
[Site "Budapest"]
[Date "2003.??.??"]
[Round "4"]
[White "Bellan, Istvan"]
[Black "Hoang, Tri"]
[Result "0-1"]
[WhiteElo "2200"]
[BlackElo "2040"]
[PlyCount "68"]
[EventDate "2003.05.03"]
[EventType "tourn"]
[EventRounds "13"]
[EventCountry "HUN"]
[SourceTitle "CBM 094 Extra"]
[Source "ChessBase"]
[SourceDate "2003.07.09"]
[SourceVersion "2"]
[SourceVersionDate "2003.07.09"]
[SourceQuality "1"]

1. e4 e5 2. Nf3 Nf6 3. Nxe5 d6 4. Nf3 Nxe4 5. d4 d5 6. Bd3 Nc6 7. 0-0 Be7 8. c4 Nb4 9. Be2 Bf5 10. a3 Nc6 11. Nc3 Nxc3 12. bxc3 0-0 13. cxd5 Qxd5 14. Bf4 Bd6 15. c4 Qe4 16. Be3 b6 17. Nd2 Qh4 18. g3 Qf6 19. Bf3 Be7 20. Nb3 Rad8 21. Bg2 Qg6 22. Ra2 Bd3 23. Re1 Bxc4 24. Bxc6 Qxc6 25. Qc2 Qd5 26. Rb1 Bf6 27. Rab2 c5 28. Nd2 Ba6 29. dxc5 Bxb2 30. Rxb2 Bb7 31. f3 Rfe8 32. Rb3 bxc5 33. Rc3 c4 34. Bxa7 Qxd2 0-1

[Event "Budapest FS05 FM"]
[Site "Budapest"]
[Date "2003.??.??"]
[Round "10"]
[White "Bellan, Istvan"]
[Black "Kjetzae, Johnny"]
[Result "0-1"]
[WhiteElo "2200"]
[BlackElo "2125"]
[PlyCount "38"]
[EventDate "2003.05.03"]
[EventType "tourn"]
[EventRounds "13"]
[EventCountry "HUN"]
[SourceTitle "CBM 094 Extra"]
[Source "ChessBase"]
[SourceDate "2003.07.09"]
[SourceVersion "2"]
[SourceVersionDate "2003.07.09"]
[SourceQuality "1"]

1. e4 c5 2. Nc3 Nc6 3. g3 g6 4. Bg2 Bg7 5. Nh3 d6 6. 0-0 Nf6 7. d3 Rb8 8. f3 0-0 9. Be3 b6 10. Qd2 d5 11. Bh6 dxe4 12. Bxg7 Kxg7 13. fxe4 Ng4 14. Rae1 e6 15. Ng5 Nge5 16. Ne2 Nd4 17. Qf4 f6 18. Bh3 h6 19. Nf3 Nexf3+ 0-1

[Event "Budapest FS05 FM"]
[Site "Budapest"]
[Date "2003.??.??"]
[Round "1"]
[White "Frank, Jozsef"]
[Black "Bellan, Istvan"]
[Result "1/2-1/2"]
[WhiteElo "1995"]
[BlackElo "2200"]
[PlyCount "119"]
[EventDate "2003.05.03"]
[EventType "tourn"]
[EventRounds "13"]
[EventCountry "HUN"]
[SourceTitle "CBM 094 Extra"]
[Source "ChessBase"]
[SourceDate "2003.07.09"]
[SourceVersion "2"]
[SourceVersionDate "2003.07.09"]
[SourceQuality "1"]

1. d4 Nf6 2. Nf3 g6 3. g3 Bg7 4. Bg2 0-0 5. 0-0 c5 6. c3 Na6 7. Qb3 Rb8 8. Bg5 d6 9. Nbd2 Nd7 10. Rad1 h6 11. Be3 b5 12. dxc5 Naxc5 13. Qa3 a5 14. b4 Na4 15. Nd4 Bb7 16. Bxb7 Rxb7 17. Nxb5 Nxc3 18. Nxc3 axb4 19. Qa6 Qa8 20. Qxa8 Rxa8 21. Nd5 e6 22. Ne7+ Kf8 23. Nc6 Rxa2 24. Rb1 d5 25. Nb3 Rxe2 26. Nc5 Nxc5 27. Bxc5+ Ke8 28. Nxb4 Rb2 29. Rxb2 Bxb2 30. Nd3 Bc3 31. Rd1 Rb5 32. Be3 g5 33. f4 f6 34. Kg2 e5 35. Bd2 Bd4 36. Re1 e4 37. fxg5 fxg5 38. Re2 Kf7 39. Nf2 Rb2 40. Nd1 Rc2 41. Kf1 Be5 42. Ne3 Rc5 43. Ng4 Bg7 44. Rf2+ Kg6 45. Bb4 Rb5 46. Bd6 d4 47. Re2 e3 48. Kg2 Rd5 49. Bb4 h5 50. Nxe3 Re5 51. Bd2 dxe3 52. Rxe3 Rd5 53. Re2 Bd4 54. Bb4 Rb5 55. Be7 Kf5 56. Rd2 Bb6 57. Rc2 g4 58. Bd6 Ke4 59. Ba3 Kd3 60. Rb2 1/2-1/2